[Event "ESP-ch U12 Rapid"]
[Site "Salobrena"]
[Date "2022.07.16"]
[Round "4"]
[White "Lazaro Del Arco, Martina"]
[Black "Mompel Ferruz, Xavier"]
[Result "0-1"]
[WhiteElo "1413"]
[BlackElo "1849"]
[PlyCount "42"]
[EventDate "2022.07.09"]
[EventType "swiss (rapid)"]
[EventRounds "9"]
[EventCountry "ESP"]
[SourceTitle "EXT 2023"]
[Source "ChessBase"]
[SourceDate "2022.10.05"]
[SourceVersion "1"]
[SourceVersionDate "2022.10.05"]
[SourceQuality "1"]

1. e4 c5 2. Nc3 e6 3. f4 d5 4. Bb5+ Bd7 5. Bxd7+ Qxd7 6. exd5 exd5 7. Nf3 Nc6 8. 0-0 0-0-0 9. a3 Nf6 10. Ne5 Nxe5 11. fxe5 Ne4 12. Qf3 Nxc3 13. bxc3 Be7 14. d4 c4 15. Qxf7 Rhf8 16. e6 Qd6 17. Qh5 Rxf1+ 18. Kxf1 Rf8+ 19. Kg1 Qxe6 20. Bb2 Bd6 21. Rf1 Qe3+ 0-1

[Event "ESP-ch U12 Rapid"]
[Site "Salobrena"]
[Date "2022.07.16"]
[Round "2"]
[White "Lazaro Del Arco, Martina"]
[Black "Navarro Da Costa, Lais"]
[Result "1-0"]
[WhiteElo "1413"]
[BlackElo "1082"]
[PlyCount "101"]
[EventDate "2022.07.09"]
[EventType "swiss (rapid)"]
[EventRounds "9"]
[EventCountry "ESP"]
[SourceTitle "EXT 2023"]
[Source "ChessBase"]
[SourceDate "2022.10.05"]
[SourceVersion "1"]
[SourceVersionDate "2022.10.05"]
[SourceQuality "1"]

1. e4 e5 2. Nf3 Nc6 3. Bc4 Bc5 4. c3 Nf6 5. d3 d6 6. 0-0 h6 7. Nbd2 0-0 8. Re1 Bg4 9. Nf1 Qd7 10. h3 Bh5 11. Ng3 Bxf3 12. Qxf3 Na5 13. Bb3 Nxb3 14. axb3 c6 15. b4 Bb6 16. Nf5 Kh7 17. Nxh6 Nxe4 18. Qxe4+ f5 19. Nxf5 Qxf5 20. Qxf5+ Rxf5 21. Be3 Raf8 22. Bxb6 axb6 23. f3 R8f6 24. Ra7 Rf7 25. Ra8 Rg5 26. Kh2 Rf6 27. Rb8 Rfg6 28. Re2 c5 29. bxc5 bxc5 30. Rxb7 Rf5 31. b4 cxb4 32. cxb4 Rf4 33. b5 Rb4 34. Rb8 Re6 35. b6 d5 36. b7 e4 37. fxe4 dxe4 38. Rxe4 Reb6 39. Rxb4 Rxb4 40. d4 Kg6 41. d5 Kf7 42. Kg3 g6 43. h4 Ke7 44. Rg8 Kf7 45. b8Q Rxb8 46. Rxb8 Kf6 47. Rb1 Ke5 48. Rd1 Kd6 49. Kg4 Kd7 50. d6 Kd8 51. d7 1-0

[Event "ESP-ch U12"]
[Site "Salobrena"]
[Date "2022.07.11"]
[Round "1"]
[White "Saez de Adana Saez, Maria"]
[Black "Lazaro Del Arco, Martina"]
[Result "0-1"]
[WhiteElo "1162"]
[BlackElo "1545"]
[PlyCount "72"]
[EventDate "2022.07.04"]
[EventType "swiss"]
[EventRounds "9"]
[EventCountry "ESP"]
[SourceTitle "EXT 2023"]
[Source "ChessBase"]
[SourceDate "2022.10.05"]
[SourceVersion "1"]
[SourceVersionDate "2022.10.05"]
[SourceQuality "1"]

1. e4 c5 2. Nc3 g6 3. f4 Bg7 4. Nf3 Nc6 5. Bc4 e6 6. f5 exf5 7. d3 Nge7 8. 0-0 0-0 9. Qe1 Nd4 10. Nxd4 cxd4 11. Ne2 d5 12. exd5 Nxd5 13. Qf2 Nb4 14. Ng3 Re8 15. Bf4 Nd5 16. Rae1 Ne3 17. Bxe3 dxe3 18. Qf3 Bxb2 19. Kh1 Bg7 20. Rxe3 Rxe3 21. Qxe3 Bd7 22. Rb1 Bc6 23. Nf1 Qh4 24. Qg3 Qxg3 25. Nxg3 Re8 26. h3 f4 27. Nf1 Re2 28. h4 Rxg2 29. Rb3 Rxc2+ 30. Kg1 Bd4+ 31. Ne3 Bxe3+ 32. Kf1 f3 33. Rb1 Rh2 34. Bxf7+ Kxf7 35. Rxb7+ Bxb7 36. Ke1 Rh1# 0-1

[Event "ESP-ch U12"]
[Site "Salobrena"]
[Date "2021.07.08"]
[Round "6"]
[White "Povshednyi, Ivan"]
[Black "Lazaro Del Arco, Martina"]
[Result "0-1"]
[WhiteElo "1702"]
[BlackElo "1486"]
[PlyCount "120"]
[EventDate "2021.07.05"]
[EventType "swiss"]
[EventRounds "9"]
[EventCountry "ESP"]
[SourceTitle "EXT 2022"]
[Source "ChessBase"]
[SourceDate "2021.10.06"]
[SourceVersion "1"]
[SourceVersionDate "2021.10.06"]
[SourceQuality "1"]

1. d4 d6 2. Nf3 g6 3. g3 Bg7 4. Bg2 Nd7 5. c4 e6 6. 0-0 Ne7 7. Nc3 0-0 8. b3 a6 9. Bb2 Rb8 10. a4 b6 11. e3 Bb7 12. Ne1 Bxg2 13. Kxg2 a5 14. Qd2 Qc8 15. Qe2 Nf5 16. Nc2 h5 17. h3 Qb7+ 18. Qf3 Qxf3+ 19. Kxf3 e5 20. Rad1 Rfe8 21. Rd2 exd4 22. exd4 Bh6 23. Re2 Rxe2 24. Nxe2 Re8 25. Bc1 Bxc1 26. Nxc1 Re6 27. Nd3 Nf6 28. Re1 Rxe1 29. Ndxe1 Kf8 30. g4 hxg4+ 31. hxg4 Ne7 32. Ne3 Kg7 33. Kf4 Kf8 34. N1c2 Nd7 35. f3 Kg7 36. Na3 Nf6 37. Nb5 Ne8 38. c5 dxc5 39. dxc5 Nc8 40. Nd5 bxc5 41. Ndxc7 Nxc7 42. Nxc7 Nd6 43. Ke5 c4 44. Kxd6 c3 45. b4 axb4 46. a5 c2 47. a6 c1Q 48. a7 Qa1 49. a8Q Qxa8 50. Nxa8 b3 51. Ke7 b2 52. Nc7 b1Q 53. Ne8+ Kh6 54. Kxf7 Qb7+ 55. Ke6 Qxf3 56. Nf6 Kg5 57. Nd7 Qxg4+ 58. Kd6 Qxd7+ 59. Kxd7 Kf4 60. Ke6 g5 0-1

[Event "Llinars del Valles op 1st"]
[Site "Llinars del Valles"]
[Date "2021.06.25"]
[Round "1"]
[White "Deulonder Camins, Xavier"]
[Black "Lazaro Del Arco, Martina"]
[Result "1-0"]
[WhiteElo "1862"]
[BlackElo "1427"]
[PlyCount "67"]
[EventDate "2021.06.25"]
[EventType "swiss"]
[EventRounds "9"]
[EventCountry "ESP"]
[SourceTitle "CBM 203 Extra"]
[Source "ChessBase"]
[SourceDate "2021.09.30"]
[SourceVersion "1"]
[SourceVersionDate "2021.09.30"]
[SourceQuality "1"]

1. e4 d6 2. d4 g6 3. f4 Bg7 4. Nf3 Nd7 5. Bc4 e6 6. 0-0 Ne7 7. Ng5 0-0 8. Bxe6 fxe6 9. Nxe6 Qe8 10. Nxc7 Qd8 11. Nxa8 b5 12. c3 Bb7 13. Qb3+ Kh8 14. Nd2 a6 15. a4 Qa5 16. Qe6 Qd8 17. axb5 Bxa8 18. bxa6 Rf6 19. Qb3 Qf8 20. e5 dxe5 21. fxe5 Rxf1+ 22. Nxf1 Qc8 23. Bg5 Qc6 24. Ne3 Nf5 25. Qc2 h6 26. Nxf5 gxf5 27. Bf4 Qg6 28. Qe2 h5 29. e6 Nf6 30. e7 Ne8 31. a7 h4 32. Ra6 Qf7 33. Rb6 Qd5 34. Qh5+ 1-0